Trouvez-les toutes ! - Édition Val-d'Oise - Statistiques

Statistiques générales
  • Ce quiz a été pris 60 fois
  • Le résultat moyen est 7 sur 15
Answers on the Grid
Answers color-coded by a green-red scale on the quiz's grid according to % correct below.
Saint-Ouen l'Aumône
Coubron
Charmont
Viroflay
Garches
Sarcelles
Villemomble
Courdimanche
Magny-en-Vexin
Luzarches
Pécy
Éragny-sur-Oise
Jouy-sur-Morin
Nerville-la-Forêt
Porchefontaine
Boutigny
Egletons
Roissy-en-France
Argenton-sur-Creuse
Bessancourt
Saint-Girons
Saint-Mandé
Pontoise
Vigny
Nangis
Poligny
Viarmes
Fontenay-le-Comte
Longuesse
Ronquerolles
 
Statistiques - réponses
Réponse % Correct
Desservie par le RER C en direction de Pontoise. Saint-Ouen l'Aumône
97%
Inutile de présenter cette ville, c'est le chef-lieu du Val-d'Oise et elle est desservie par le RER C, son terminus au nord. Pontoise
75%
Est à 15 km de Paris et limitrophe de Villiers-le-Bel. Sarcelles
75%
Est dans le centre-sud du département, limitrophe avec Herblay. Éragny-sur-Oise
63%
Cette ville est dans le Val-d'Oise, à ne pas confondre avec Courdimanche-sur-Essonne. Courdimanche
53%
Cette commune (avec d'autres villes) abrite l'Aéroport Paris-Roissy-Charles-de-Gaulle, aéroport desservi par le RER B et s'étendant sur trois départements [Seine-Saint-Denis, Seine-et-Marne, Val-d'Oise]. Roissy-en-France
53%
Desservie par le transilien H. Luzarches
47%
Cette ville se situe dans le nord-ouest du département. Magny-en-Vexin
47%
Cette autre commune est dans le nord-est du Val-d'Oise. Viarmes
41%
Cette commune se trouve dans le sud du département. Bessancourt
38%
Se trouve dans le même département qu'Ermont, Luzarches et Eaubonne. Charmont
22%
Cette ville est dans le centre-est du département. Nerville-la-Forêt
22%
Se situe dans le centre du Val-d'Oise. Vigny
22%
Est dans l'ouest du Val-d'Oise. Longuesse
9%
Enfin, cette dernière commune se situe également dans le Val-d'Oise, qui plus est limitrophe avec l'Oise. Ronquerolles
9%
Aucun quiz correspondant
Distribution des résultats
% des personnes avec chaque résultat
Percentile par nombre de réponses
Votre historique - résultats
Vous n’avez pas pris ce quiz